<?xml version="1.0" encoding="UTF-8"?>
<collection xmlns="http://www.loc.gov/MARC21/slim">
<record>
  <controlfield tag="001">118695</controlfield>
  <controlfield tag="005">20230626083919.0</controlfield>
  <datafield tag="020" ind1=" " ind2=" ">
    <subfield code="a">978-84-18321-52-8</subfield>
  </datafield>
  <datafield tag="024" ind1="7" ind2=" ">
    <subfield code="2">doi</subfield>
    <subfield code="a">10.26754/uz.978-84-18321-52-8</subfield>
  </datafield>
  <datafield tag="037" ind1=" " ind2=" ">
    <subfield code="a">BOOK-2022-028</subfield>
  </datafield>
  <datafield tag="041" ind1=" " ind2=" ">
    <subfield code="a">ita</subfield>
  </datafield>
  <datafield tag="100" ind1=" " ind2=" ">
    <subfield code="a">Esteban Salvador, María Luisa (Coord.)</subfield>
  </datafield>
  <datafield tag="245" ind1=" " ind2=" ">
    <subfield code="a">La corporate governance nelle organizzazioni sportive: un approccio di genere. Report finale 2022</subfield>
  </datafield>
  <datafield tag="250" ind1=" " ind2=" ">
    <subfield code="a">1ª ed.</subfield>
  </datafield>
  <datafield tag="260" ind1=" " ind2=" ">
    <subfield code="a">Teruel</subfield>
    <subfield code="b">Servicio de Publicaciones Universidad de Zaragoza</subfield>
    <subfield code="c">2022</subfield>
  </datafield>
  <datafield tag="300" ind1=" " ind2=" ">
    <subfield code="a">139</subfield>
  </datafield>
  <datafield tag="500" ind1=" " ind2=" ">
    <subfield code="a">"The European Commission's support for the production of this publication does not constitute an endorsement of the contents, which reflect the views only of the authors, and the Commission cannot be held responsible for any use which may be made of the information contained therein".</subfield>
  </datafield>
  <datafield tag="520" ind1=" " ind2=" ">
    <subfield code="a">Il progetto "La corporate governance nelle organizzazioni sportive: un approccio di genere" (di seguito progetto GESPORT), ha l’obiettivo di promuovere l'uguaglianza tra uomini e donne nei processi decisionali nelle organizzazioni sportive in Europa. Il fine ultimo è favorire l'accesso delle donne ai consigli direttivi delle federazioni sportive, coerentemente con le azioni previste per il mondo dello sport da Erasmus +. Allo stesso tempo, Il progetto GESPORT vuole contribuire alle politiche europee per rafforzare e sostenere il buon governo nello sport attraverso una maggiore conoscenza del ruolo femminile nei processi decisionali strategici. In questa sede abbiamo scelto di definire il genere in termini binari, come "maschio" e "femmina". Tuttavia, siamo consapevoli che si tratta di termini ambigui in cui non tutti possono o vogliono essere riconosciuti. Per questo motivo, una parte di questo report è dedicata a tratteggiare qualche riflessione sulla questione del non-binario come identità sociale e transgender nello sport.</subfield>
  </datafield>
  <datafield tag="700" ind1=" " ind2=" ">
    <subfield code="a">Di Cimbrini, Tiziana</subfield>
  </datafield>
  <datafield tag="700" ind1=" " ind2=" ">
    <subfield code="a">Fernandes, Emilia</subfield>
  </datafield>
  <datafield tag="700" ind1=" " ind2=" ">
    <subfield code="a">Güngör Göksu, Gonca</subfield>
  </datafield>
  <datafield tag="700" ind1=" " ind2=" ">
    <subfield code="a">Smith, Charlotte</subfield>
  </datafield>
  <datafield tag="856" ind1="0" ind2=" ">
    <subfield code="f">agroca@unizar.es</subfield>
  </datafield>
  <datafield tag="856" ind1="4" ind2=" ">
    <subfield code="s">25504405</subfield>
    <subfield code="u">http://zaguan.unizar.es/record/118695/files/Final%20Report%20Italiano_NE.pdf</subfield>
  </datafield>
  <datafield tag="909" ind1="C" ind2="O">
    <subfield code="o">oai:zaguan.unizar.es:118695</subfield>
    <subfield code="p">books</subfield>
  </datafield>
  <datafield tag="980" ind1=" " ind2=" ">
    <subfield code="a">BOOK</subfield>
    <subfield code="b">DIVULGA</subfield>
  </datafield>
</record>
</collection>